| 000 | 00979cam a2200277 a 4500 | ||
|---|---|---|---|
| 001 | 16762701 | ||
| 003 | Nust- CAS-E | ||
| 005 | 20180118181355.0 | ||
| 008 | 110504s2011 flua b 001 0 eng | ||
| 010 | _a 2011018875 | ||
| 020 | _a9781439825020 | ||
| 040 |
_aDLC _cDLC _dDLC |
||
| 042 | _apcc | ||
| 050 | 0 | 0 |
_aTJ808 _b.S685 2011 |
| 082 | 0 | 0 |
_a621.042 _223 _bSPE 2011 |
| 100 | 1 | _aSpellman, Frank R. | |
| 245 | 1 | 4 |
_aThe science of renewable energy / _cauthors, Frank Spellman, Revonna Bieber. |
| 260 |
_aBoca Raton, FL : _bTaylor & Francis, _c2011. |
||
| 300 |
_axix, 317 p. : _bill. ; _c26 cm. |
||
| 504 | _aIncludes bibliographical references and index. | ||
| 650 | 0 | _aRenewable energy sources. | |
| 700 | 1 |
_aBieber, Revonna M., _d1976- |
|
| 906 |
_a7 _bcbc _corignew _d1 _eecip _f20 _gy-gencatlg |
||
| 942 |
_2ddc _cBK |
||
| 999 |
_c355258 _d355258 |
||